Momin movement and Ansari community : (Record no. 142788)

MARC details
000 -LEADER
fixed length control field 00638nam a22001817a 4500
005 - DATE AND TIME OF LATEST TRANSACTION
control field 20170721165259.0
010 ## - LCCN (DPL NO)
LC control number ENG-119288
020 ## - INTERNATIONAL STANDARD BOOK NUMBER
International Standard Book Number 9788175418592
Terms of availability 350.00
035 ## - SYSTEM CONTROL NUMBER
System control number EN-102806
037 ## - SOURCE OF ACQUISITION
Source of stock number/acquisition DBAD/PUB
082 ## - DEWEY DECIMAL CLASSIFICATION NUMBER
Classification number 954.00882701
100 ## - MAIN ENTRY--PERSONAL NAME
Personal name Khurshid Anwar Arfi
245 ## - TITLE STATEMENT
Title Momin movement and Ansari community :
Remainder of title a saga of struggle and sacrifice during India's freedom movement /
Statement of responsibility, etc by Khurshid Anwar Arfi
260 ## - PUBLICATION, DISTRIBUTION, ETC. (IMPRINT)
Place of publication, distribution, etc Delhi
Name of publisher, distributor, etc Shipra Publications
Date of publication, distribution, etc 2016
270 ## - ADDRESS
Address LG 18-19, Pankaj Central Market, Patparganj
City Delhi
Postal code 110091
300 ## - PHYSICAL DESCRIPTION
Extent vii,166p.
Dimensions 22cm(pbk)
942 ## - ADDED ENTRY ELEMENTS (KOHA)
Source of classification or shelving scheme Dewey Decimal Classification
Item type English Books
Classification part 954.00882701
Call number suffix KHU
Holdings
Withdrawn status Lost status Not for loan Collection code Home library Current library Date acquired Source of acquisition Cost, normal purchase price Full call number Barcode Copy number Cost, replacement price Koha item type
    Not For Loan Non-fiction D.B.Act.Division Bawana 21/07/2017 DBAD/PUB 350.00 954.00882701 KHU EN-102820 1 350.00 English Books

© Delhi Public Library
Hit Counter
free hit counter